000
00253nam a2200109Ia 4500
005
20251222114405.0
008
251222s1900||||xx |||||||||||||| ||spa||
082
_a
DVD0093/T95/2006
245
0
_a
Método billings
264
_b
Raparelli, Aldo
942
_c
DVD
999
_c
1792
_d
1792